Normal view
MARC view
- HRD Directorate G.H.Q Rawalpindi
Entry Personal Name
001 - CONTROL NUMBER
- control field: 14106
003 - CONTROL NUMBER IDENTIFIER
- control field: NUST
005 - DATE AND TIME OF LATEST TRANSACTION
- control field: 20190414101442.0
008 - FIXED-LENGTH DATA ELEMENTS
- fixed length control field: 190414|| aca||aabn | a|a d
040 ## - CATALOGING SOURCE
- Original cataloging agency: NUST
- Transcribing agency: NUST
100 ## - HEADING--PERSONAL NAME
- Personal name: HRD Directorate G.H.Q Rawalpindi
670 ## - SOURCE DATA FOUND
- Source citation: Work cat.: (NUST): HRD Directorate G.H.Q Rawalpindi, Dashe-T-Gardi- Jhazza Islami Talimaat ki Roshni Mah /, 2017.
